[Event "BUL-ch (Women)"]
[Site "Sofia"]
[Date "2023.01.28"]
[Round "8"]
[White "Karaivanova, Petya F"]
[Black "Raeva, Elitsa"]
[Result "0-1"]
[WhiteElo "1969"]
[BlackElo "2189"]
[PlyCount "80"]
[EventDate "2023.01.21"]
[EventType "swiss"]
[EventRounds "9"]
[EventCountry "BUL"]
[SourceTitle "CBM 212 Extra"]
[Source "ChessBase"]
[SourceDate "2023.03.31"]
[SourceVersion "1"]
[SourceVersionDate "2023.03.31"]
[SourceQuality "1"]

1. e4 c5 2. Nf3 Nc6 3. d4 cxd4 4. Nxd4 g6 5. Nc3 Bg7 6. Be3 Nf6 7. Bc4 Qa5 8. 0-0 0-0 9. a3 d6 10. Nb3 Qd8 11. f3 Bd7 12. Qd2 Rc8 13. Be2 Re8 14. Bh6 Bh8 15. f4 a5 16. Rad1 a4 17. Nc1 Ng4 18. Bxg4 Bxg4 19. Rde1 Qb6+ 20. Kh1 Qxb2 21. Nxa4 Qb5 22. h3 Bd7 23. Nc3 Qh5 24. Bg5 h6 25. Nd5 hxg5 26. fxg5 Nd4 27. Qf2 Qh7 28. c3 Ne6 29. Qd2 Qh4 30. Nd3 Nxg5 31. Rf4 Qh5 32. e5 Bc6 33. exd6 Nxh3 34. Nxe7+ Rxe7 35. Rxe7 Nxf4+ 36. Kg1 Nxd3 37. Qxd3 Qc5+ 38. Kh1 Rd8 39. Qf1 Qf5 40. Qe2 Bxc3 0-1

[Event "BUL-ch (Women) 68th"]
[Site "Kozloduy"]
[Date "2019.03.01"]
[Round "4"]
[White "Raeva, Elitsa"]
[Black "Radeva, Viktoria"]
[Result "0-1"]
[WhiteElo "2232"]
[BlackElo "2148"]
[PlyCount "128"]
[EventDate "2019.02.26"]
[EventType "tourn"]
[EventRounds "7"]
[EventCountry "BUL"]
[SourceTitle "CBM 189 Extra"]
[Source "ChessBase"]
[SourceDate "2019.06.03"]
[SourceVersion "1"]
[SourceVersionDate "2019.06.03"]
[SourceQuality "1"]

1. d4 d5 2. c4 e6 3. Nf3 Nf6 4. Nc3 c6 5. e3 Nbd7 6. Qc2 Bd6 7. Bd3 dxc4 8. Bxc4 0-0 9. 0-0 e5 10. h3 h6 11. a3 Qc7 12. Ba2 Re8 13. b4 exd4 14. exd4 Nf8 15. Bd2 Be6 16. Rac1 Rad8 17. Bb1 a6 18. Rfe1 Bf4 19. Bxf4 Qxf4 20. Ne2 Qc7 21. Ne5 Nd5 22. Ng3 Nf4 23. Re4 N4g6 24. Nxg6 Nxg6 25. Rce1 Qc8 26. h4 Bd5 27. Re5 Rxe5 28. dxe5 Qg4 29. h5 Nf4 30. Qh7+ Kf8 31. Be4 Bxe4 32. Qxe4 Rd1 33. Rxd1 Qxd1+ 34. Kh2 Nxh5 35. Qf5 Nxg3 36. Qc8+ Ke7 37. Qxb7+ Qd7 38. Qxd7+ Kxd7 39. Kxg3 Ke6 40. f4 Kf5 41. Kf3 h5 42. a4 h4 43. Ke3 g6 44. Kd4 Kxf4 45. Kc5 g5 46. Kxc6 g4 47. b5 axb5 48. axb5 h3 49. b6 hxg2 50. b7 g1Q 51. b8Q Qh1+ 52. Kc5 Kf5 53. Qc8+ Kf4 54. Qb8 Qc1+ 55. Kd5 Qd2+ 56. Kc6 Qc3+ 57. Kd7 Qd4+ 58. Kc6 Qxe5 59. Qd8 Qe4+ 60. Kc5 f5 61. Kb5 Kf3 62. Qh8 g3 63. Qh1+ Kf2 64. Ka6 Qxh1 0-1

[Event "BUL-ch (Women) 68th"]
[Site "Kozloduy"]
[Date "2019.02.28"]
[Round "3"]
[White "Antova, Gabriela"]
[Black "Raeva, Elitsa"]
[Result "1-0"]
[WhiteElo "2286"]
[BlackElo "2232"]
[PlyCount "111"]
[EventDate "2019.02.26"]
[EventType "tourn"]
[EventRounds "7"]
[EventCountry "BUL"]
[SourceTitle "CBM 189 Extra"]
[Source "ChessBase"]
[SourceDate "2019.06.03"]
[SourceVersion "1"]
[SourceVersionDate "2019.06.03"]
[SourceQuality "1"]

1. d4 Nf6 2. c4 e6 3. Nf3 b6 4. a3 Bb7 5. Bf4 g6 6. Nc3 Bg7 7. Qc2 0-0 8. e4 d6 9. Be2 Nbd7 10. Rd1 Qe7 11. 0-0 h6 12. b4 a5 13. Be3 axb4 14. axb4 Ra3 15. Bc1 Rxc3 16. Qxc3 Nxe4 17. Qb3 b5 18. cxb5 Nb6 19. Qc2 f5 20. Bd2 g5 21. Ra1 g4 22. Ne1 Bxd4 23. Ra7 Rb8 24. Qd3 Qf6 25. Nc2 Be5 26. f4 Bb2 27. Be3 Nd5 28. Bd4 Bxd4+ 29. Qxd4 Kf7 30. Qxf6+ Kxf6 31. g3 Ndc3 32. Bd3 Nd2 33. Rc1 Be4 34. Nd4 Nd5 35. Bc4 Nxc4 36. Rxc4 h5 37. Rc1 h4 38. gxh4 Rh8 39. Rcxc7 Nxc7 40. Rxc7 Rxh4 41. Rd7 Rh3 42. Rxd6 Rd3 43. b6 Rd1+ 44. Kf2 Rd2+ 45. Ke3 Rxh2 46. Rxe6+ Kf7 47. Rxe4 Rh3+ 48. Kf2 fxe4 49. b7 Rh8 50. Nc6 Kf6 51. b8Q Rxb8 52. Nxb8 Kf5 53. Ke3 g3 54. Nc6 g2 55. Nd4+ Kg4 56. Ne2 1-0

[Event "ROM-chT (Women)"]
[Site "Sovata"]
[Date "2018.11.26"]
[Round "2.2"]
[White "Raeva, Elitsa"]
[Black "Javakhishvili, Lela"]
[Result "1/2-1/2"]
[WhiteElo "2252"]
[BlackElo "2477"]
[PlyCount "151"]
[EventDate "2018.11.25"]
[EventType "team-tourn"]
[EventRounds "7"]
[EventCountry "ROU"]
[SourceTitle "CBM 187 Extra"]
[Source "ChessBase"]
[SourceDate "2018.11.04"]
[SourceVersion "1"]
[SourceVersionDate "2018.11.04"]
[SourceQuality "1"]
[WhiteTeam "Arnia Chessit (W)"]
[BlackTeam "Iasi Politehnica (W)"]
[WhiteTeamCountry "ROU"]
[BlackTeamCountry "ROU"]

1. c4 c5 2. Nc3 g6 3. g3 Bg7 4. Bg2 Nc6 5. d3 e6 6. e4 Nge7 7. Nge2 d6 8. Be3 Nd4 9. Rb1 0-0 10. 0-0 Nec6 11. Qd2 f5 12. f4 Rb8 13. Bf2 a6 14. Nxd4 cxd4 15. Ne2 fxe4 16. dxe4 e5 17. Nc1 Be6 18. b3 Qd7 19. Nd3 Bh3 20. Be1 Rbe8 21. b4 exf4 22. gxf4 Bh6 23. Qc2 Bxg2 24. Qxg2 Qe6 25. c5 Qxe4 26. Qxe4 Rxe4 27. cxd6 Bxf4 28. Rxf4 Rexf4 29. Nxf4 Rxf4 30. b5 axb5 31. Rxb5 Rf7 32. Ba5 Nxa5 33. Rxa5 Rd7 34. Rd5 Kf7 35. Rxd4 Ke6 36. Kf2 Rxd6 37. Rb4 Rd7 38. Ke3 Kf5 39. a4 Kg5 40. Kf3 Kh5 41. Kg3 g5 42. a5 h6 43. Rb3 Rc7 44. Rb6 Rc3+ 45. Kg2 Ra3 46. Rxb7 Rxa5 47. Rb3 Kg4 48. Rg3+ Kf4 49. Rf3+ Ke4 50. Rf2 Ra3 51. h3 h5 52. Rf8 Ra2+ 53. Kg1 h4 54. Rf7 Ra3 55. Kg2 Rg3+ 56. Kh2 Rf3 57. Re7+ Kf4 58. Rf7+ Ke3 59. Re7+ Kd4 60. Kg2 Rg3+ 61. Kh2 Re3 62. Rd7+ Ke4 63. Re7+ Kf3 64. Rf7+ Ke2 65. Rf5 Rg3 66. Ra5 Kd1 67. Ra1+ Kd2 68. Ra2+ Ke3 69. Ra3+ Kf4 70. Rxg3 hxg3+ 71. Kg2 g4 72. h4 Ke5 73. Kxg3 Kf5 74. h5 Kg5 75. h6 Kxh6 76. Kxg4 1/2-1/2

[Event "ROM-chT (Women)"]
[Site "Sovata"]
[Date "2018.11.25"]
[Round "1.3"]
[White "Paehtz, Elisabeth"]
[Black "Raeva, Elitsa"]
[Result "1-0"]
[WhiteElo "2495"]
[BlackElo "2252"]
[PlyCount "65"]
[EventDate "2018.11.25"]
[EventType "team-tourn"]
[EventRounds "7"]
[EventCountry "ROU"]
[SourceTitle "CBM 187 Extra"]
[Source "ChessBase"]
[SourceDate "2018.11.04"]
[SourceVersion "1"]
[SourceVersionDate "2018.11.04"]
[SourceQuality "1"]
[WhiteTeam "Timisoara Medicina (W)"]
[BlackTeam "Arnia Chessit (W)"]
[WhiteTeamCountry "ROU"]
[BlackTeamCountry "ROU"]

1. d4 Nf6 2. c4 e6 3. g3 d5 4. Bg2 Nbd7 5. Nf3 Bb4+ 6. Nbd2 0-0 7. 0-0 c6 8. Qc2 Re8 9. Rd1 Bf8 10. e4 dxe4 11. Nxe4 Nxe4 12. Qxe4 Qa5 13. Bf4 h6 14. h4 c5 15. dxc5 Bxc5 16. Ne5 Nf6 17. Qf3 Qb6 18. Rab1 a5 19. Bxh6 Bxf2+ 20. Kh1 Bd4 21. Qf4 Bxe5 22. Qxe5 gxh6 23. Qxf6 Ra6 24. Qe5 a4 25. c5 Ra5 26. Rbc1 Qa7 27. Rc4 Rb5 28. Rg4+ Kf8 29. Qd6+ Re7 30. Qd8+ Re8 31. Rg8+ Kxg8 32. Qxe8+ Kg7 33. Qxb5 1-0

[Event "Pleven Bulgaria Champs (Women)"]
[Site "Pleven"]
[Date "2018.05.17"]
[Round "4"]
[White "Voiska, Margarita"]
[Black "Raeva, Elitsa"]
[Result "0-1"]
[WhiteElo "2273"]
[BlackElo "2254"]
[PlyCount "98"]
[EventDate "2018.05.14"]
[EventType "tourn"]
[EventRounds "9"]
[EventCountry "BUL"]
[SourceTitle "CBM 184 Extra"]
[Source "ChessBase"]
[SourceDate "2018.06.28"]
[SourceVersion "1"]
[SourceVersionDate "2018.06.28"]
[SourceQuality "1"]

1. Nf3 Nf6 2. d4 e6 3. g3 b6 4. Bg2 Bb7 5. 0-0 Be7 6. c4 0-0 7. Nc3 Ne4 8. Bd2 d5 9. Qc2 Nd7 10. Rad1 f5 11. cxd5 exd5 12. Bf4 Bd6 13. Bxd6 cxd6 14. Qb3 Ndf6 15. Ne1 Kh8 16. Nd3 Qe7 17. Nf4 Qf7 18. Nb5 a6 19. Na3 b5 20. f3 Ng5 21. Rfe1 Rae8 22. e3 Ne6 23. Qb4 g5 24. Nd3 Qc7 25. Nb1 Bc6 26. Rc1 a5 27. Qc3 Rc8 28. b4 a4 29. Nf2 Qg7 30. Qd3 f4 31. exf4 gxf4 32. Rxe6 fxg3 33. hxg3 Bd7 34. Ree1 Rxc1 35. Rxc1 Qxg3 36. Nh1 Qh4 37. Nc3 Rg8 38. Rc2 Nh5 39. Nxd5 Qg5 40. Ne3 Nf4 41. Qc3 Rc8 42. Qd2 Re8 43. Kf1 Qh4 44. Ng4 Bf5 45. Nhf2 Qg3 46. Ne4 Bxe4 47. fxe4 Qxg4 48. Rc1 Rf8 49. Kg1 Ne2+ 0-1

[Event "Pleven Bulgaria Champs (Women)"]
[Site "Pleven"]
[Date "2018.05.15"]
[Round "2"]
[White "Salimova, Nurgyul"]
[Black "Raeva, Elitsa"]
[Result "1/2-1/2"]
[WhiteElo "2260"]
[BlackElo "2254"]
[PlyCount "108"]
[EventDate "2018.05.14"]
[EventType "tourn"]
[EventRounds "9"]
[EventCountry "BUL"]
[SourceTitle "CBM 184 Extra"]
[Source "ChessBase"]
[SourceDate "2018.06.28"]
[SourceVersion "1"]
[SourceVersionDate "2018.06.28"]
[SourceQuality "1"]

1. e4 e5 2. Nf3 Nc6 3. Bc4 Bc5 4. 0-0 d6 5. c3 h6 6. d4 exd4 7. cxd4 Bb6 8. h3 Nf6 9. Nc3 0-0 10. Re1 Ne7 11. e5 Ne8 12. Bf4 d5 13. Bd3 c6 14. b4 Nf5 15. Ne2 Nc7 16. Qc2 Nh4 17. Nxh4 Qxh4 18. Bg3 Qe7 19. Qb2 Ne6 20. f4 g6 21. Bf2 Bd7 22. Qd2 f6 23. Be3 fxe5 24. fxe5 Ng5 25. Rf1 Kh7 26. h4 Ne4 27. Bxe4 dxe4 28. Bxh6 Rxf1+ 29. Rxf1 Bg4 30. Be3 a5 31. Ng3 axb4 32. Nxe4 Be6 33. Nf6+ Kh8 34. Bf2 Qf8 35. Qg5 Qg7 36. h5 Bf5 37. hxg6 Qxg6 38. Qh4+ Kg7 39. Nh5+ Kg8 40. Nf6+ Kg7 41. Nh5+ Kg8 42. Ng3 Bd3 43. Re1 Bc4 44. Ne4 Bd8 45. Qh3 Be6 46. Qf3 Bd5 47. e6 Ra3 48. Qf4 Rxa2 49. Qb8 Bxe4 50. Qxd8+ Kg7 51. Qe7+ Kg8 52. Qd8+ Kg7 53. Qe7+ Kg8 54. Qd8+ Kg7 1/2-1/2

[Event "Pleven Bulgaria Champs (Women)"]
[Site "Pleven"]
[Date "2018.05.14"]
[Round "1"]
[White "Gocheva, Rumiana B"]
[Black "Raeva, Elitsa"]
[Result "0-1"]
[WhiteElo "2059"]
[BlackElo "2254"]
[PlyCount "148"]
[EventDate "2018.05.14"]
[EventType "tourn"]
[EventRounds "9"]
[EventCountry "BUL"]
[SourceTitle "CBM 184 Extra"]
[Source "ChessBase"]
[SourceDate "2018.06.28"]
[SourceVersion "1"]
[SourceVersionDate "2018.06.28"]
[SourceQuality "1"]

1. e4 c5 2. Nf3 a6 3. g3 d6 4. Bg2 Nf6 5. Nc3 e6 6. d4 cxd4 7. Nxd4 Be7 8. 0-0 0-0 9. h3 Qc7 10. g4 Nc6 11. Nde2 b5 12. a3 Bb7 13. g5 Ne8 14. f4 d5 15. exd5 Bc5+ 16. Kh1 Rd8 17. Qe1 exd5 18. Nxd5 Rxd5 19. Bxd5 Qd7 20. Bg2 Nd4 21. Ng1 Bxg2+ 22. Kxg2 Nxc2 23. Qc3 Qd5+ 24. Nf3 Nxa1 25. b4 Ba7 26. Qxa1 f6 27. gxf6 Nxf6 28. Qe5 Qa2+ 29. Qb2 Qxb2+ 30. Bxb2 Nd5 31. Kg3 Nxf4 32. Be5 Ng6 33. Bd6 Rd8 34. Bc5 Bb8+ 35. Kf2 Nf4 36. Be3 Nxh3+ 37. Ke2 Nf4+ 38. Bxf4 Bxf4 39. Ne1 g5 40. Ng2 Re8+ 41. Kf3 Be5 42. Kg4 h6 43. Ne3 Kg7 44. Kh5 Bf4 45. Nf5+ Kf6 46. Nxh6 Rh8 47. Rd1 g4 48. Kxg4 Bxh6 49. Rd6+ Ke5 50. Rxa6 Rg8+ 51. Kf3 Bc1 52. Rb6 Kd4 53. Rxb5 Bxa3 54. Rb7 Rf8+ 55. Kg2 Kc4 56. b5 Bc5 57. Kg3 Rf6 58. Kg2 Bd4 59. Kg3 Kd3 60. Kg2 Ke4 61. Re7+ Kf4 62. Rh7 Rg6+ 63. Kf1 Kf3 64. Rh3+ Ke4 65. Rh4+ Kd3 66. Rh1 Be3 67. Ke1 Rg8 68. Kf1 Rg5 69. Ke1 Rxb5 70. Kf1 Rg5 71. Ke1 Rf5 72. Rh2 Rf6 73. Rh1 Bd2+ 74. Kd1 Ra6 0-1

[Event "ROM-chT (Women)"]
[Site "Baile Govora"]
[Date "2017.11.19"]
[Round "9.2"]
[White "Daulyte Cornette, Deimante"]
[Black "Raeva, Elitsa"]
[Result "1/2-1/2"]
[WhiteElo "2413"]
[BlackElo "2258"]
[PlyCount "102"]
[EventDate "2017.11.11"]
[EventType "team-tourn"]
[EventRounds "9"]
[EventCountry "ROU"]
[SourceTitle "CBM 181 Extra"]
[Source "ChessBase"]
[SourceDate "2017.12.12"]
[SourceVersion "1"]
[SourceVersionDate "2017.12.12"]
[SourceQuality "1"]
[WhiteTeam "Bucharest CSM (W)"]
[BlackTeam "Arnia Chessit (W)"]
[WhiteTeamCountry "ROU"]
[BlackTeamCountry "ROU"]

1. e4 d5 2. exd5 Nf6 3. d4 Nxd5 4. c4 Nb6 5. Nf3 g6 6. a4 a5 7. c5 Nd5 8. Bc4 Bg7 9. Qb3 c6 10. Nc3 0-0 11. 0-0 Nb4 12. Ne5 Bxe5 13. dxe5 Bf5 14. Ne2 e6 15. Bh6 Re8 16. Ng3 Bc2 17. Qe3 Qe7 18. Bg5 Qf8 19. Qd4 N8a6 20. Bxa6 Nxa6 21. Rac1 Bf5 22. f3 Red8 23. Bxd8 Rxd8 24. Qe3 Rd5 25. Nxf5 gxf5 26. Rfd1 Rxd1+ 27. Rxd1 Qxc5 28. Rd4 h6 29. g4 f4 30. Qxf4 Nb4 31. Kg2 Nd5 32. Qd2 Kg7 33. Kg3 Qb6 34. h4 c5 35. Re4 c4 36. Re1 Qb3 37. h5 Qxa4 38. g5 Qb4 39. gxh6+ Kh7 40. Qc2+ Kxh6 41. Re4 b5 42. Qc1+ Kh7 43. Rg4 Ne7 44. Qg5 Nf5+ 45. Kh3 Qf8 46. Qf6 a4 47. Rg5 Nh6 48. Rg2 Nf5 49. Rg5 Nh6 50. Rg2 Nf5 51. Rg5 Nh6 1/2-1/2

[Event "Olympiad Women-42"]
[Site "Baku"]
[Date "2016.09.09"]
[Round "7.4"]
[White "Raeva, Elitsa"]
[Black "Gitu, Paula Alexandra"]
[Result "1-0"]
[WhiteElo "2232"]
[BlackElo "1892"]
[PlyCount "85"]
[EventDate "2016.09.02"]
[EventType "team-swiss"]
[EventRounds "11"]
[EventCountry "AZE"]
[SourceTitle "CBM 174 Extra"]
[Source "ChessBase"]
[SourceDate "2016.10.10"]
[SourceVersion "1"]
[SourceVersionDate "2016.10.10"]
[SourceQuality "1"]
[WhiteTeam "Bulgaria (W)"]
[BlackTeam "Moldova (W)"]
[WhiteTeamCountry "BUL"]
[BlackTeamCountry "MDA"]

1. d4 d6 2. Nf3 Nf6 3. c4 g6 4. Nc3 Bg7 5. Bg5 c6 6. e3 Bg4 7. Be2 Nbd7 8. 0-0 0-0 9. h3 Bxf3 10. Bxf3 Qa5 11. Bh4 Rfe8 12. a3 Qc7 13. Bg3 Rad8 14. c5 Nf8 15. Rc1 Qd7 16. cxd6 exd6 17. Qa4 a6 18. Qa5 d5 19. Na4 Ne6 20. Bh4 h5 21. Nc5 Nxc5 22. Qxc5 Qf5 23. Qb6 g5 24. Bg3 Rd7 25. Bd1 h4 26. Be5 Rde7 27. Bc2 Qe6 28. f4 Nd7 29. Qb4 Qh6 30. fxg5 Qxg5 31. Bf4 Qh5 32. Qxb7 Ne5 33. Qxa6 Nc4 34. Bd1 Qg6 35. Rxc4 dxc4 36. Qxc4 Qe6 37. Qd3 Qg6 38. Qxg6 fxg6 39. Bf3 Rc8 40. Rc1 c5 41. b4 Ra7 42. b5 Rxa3 43. b6 1-0

[Event "GRE-chT 44th"]
[Site "Achaia"]
[Date "2016.07.10"]
[Round "7.2"]
[White "Raeva, Elitsa"]
[Black "Brunello, Marina"]
[Result "1/2-1/2"]
[WhiteElo "2249"]
[BlackElo "2361"]
[PlyCount "120"]
[EventDate "2016.07.05"]
[EventType "team-swiss"]
[EventRounds "7"]
[EventCountry "GRE"]
[SourceTitle "CBM 173 Extra"]
[Source "ChessBase"]
[SourceDate "2016.08.29"]
[SourceVersion "1"]
[SourceVersionDate "2016.08.29"]
[SourceQuality "1"]
[WhiteTeam "Oreokastrou Marion"]
[BlackTeam "Nikaia Fysiolatris"]
[WhiteTeamCountry "GRE"]
[BlackTeamCountry "GRE"]

1. d4 d5 2. c4 c6 3. Nf3 Nf6 4. Nc3 e6 5. cxd5 exd5 6. Bg5 Be7 7. Qc2 g6 8. e3 Bf5 9. Bd3 Bxd3 10. Qxd3 Nbd7 11. 0-0 0-0 12. h3 Kg7 13. a3 a5 14. Rac1 Ne8 15. Bf4 Bd6 16. Ne2 Bxf4 17. Nxf4 Nd6 18. b4 Nb6 19. Ne5 Qe8 20. Qc2 f6 21. Ned3 g5 22. Ne2 Nbc4 23. Ng3 Nxa3 24. Qe2 Nac4 25. e4 dxe4 26. Nc5 b5 27. Qg4 Kh8 28. bxa5 Ra7 29. Rfe1 Qg6 30. a6 f5 31. Qd1 Qf7 32. Qb3 Ne8 33. Rcd1 Nc7 34. Ne2 Nxa6 35. Nxa6 Rxa6 36. d5 Ra3 37. Qb4 cxd5 38. Rxd5 Ra4 39. Qc5 Ra6 40. Rd7 Qf6 41. Qxb5 Ra1 42. Rdd1 Rxd1 43. Rxd1 Ne5 44. Rd5 Ng6 45. Nd4 Ne7 46. Re5 Ng6 47. Rd5 f4 48. Qb4 Re8 49. Rf5 Qg7 50. Rxg5 e3 51. fxe3 fxe3 52. Qb5 Rd8 53. Ne6 Qe7 54. Nxd8 e2 55. Qb2+ Kg8 56. Qb3+ Kh8 57. Qc3+ Kg8 58. Qb3+ Kh8 59. Qc3+ Kg8 60. Qb3+ Kg7 1/2-1/2

[Event "EU-ch (Women) 17th"]
[Site "Mamaia"]
[Date "2016.06.03"]
[Round "7"]
[White "Charochkina, Daria"]
[Black "Raeva, Elitsa"]
[Result "1-0"]
[WhiteElo "2362"]
[BlackElo "2254"]
[PlyCount "81"]
[EventDate "2016.05.27"]
[EventType "swiss"]
[EventRounds "11"]
[EventCountry "ROU"]
[SourceTitle "CBM 172 Extra"]
[Source "ChessBase"]
[SourceDate "2016.06.21"]
[SourceVersion "1"]
[SourceVersionDate "2016.06.21"]
[SourceQuality "1"]

1. b3 d5 2. Bb2 Nf6 3. g3 Bg4 4. Bg2 e6 5. c4 c6 6. Qc2 Nbd7 7. Nf3 Bd6 8. 0-0 Qe7 9. d3 e5 10. cxd5 Nxd5 11. Nbd2 0-0 12. Nc4 Rfe8 13. Nxd6 Qxd6 14. Nd2 Qh6 15. Rfe1 Bh3 16. Bh1 Rad8 17. Nc4 Re6 18. d4 Qh5 19. dxe5 Rh6 20. e4 Nf4 21. f3 Bg2 22. Bxg2 Qxh2+ 23. Kf1 Nh3 24. Bd4 Nxe5 25. Be3 Ng4 26. Qc3 Qxg3 27. fxg4 Rf6+ 28. Qxf6 gxf6 29. Rad1 Ra8 30. Nd6 Qxg4 31. Nf5 Kh8 32. Nh6 Qh5 33. Rd7 Ng5 34. Bxg5 fxg5 35. Nxf7+ Kg8 36. e5 g4 37. e6 Re8 38. Re5 Qh4 39. Rg5+ Kf8 40. Nh6 Qxg5 41. Rf7# 1-0

[Event "EU-ch (Women) 17th"]
[Site "Mamaia"]
[Date "2016.06.01"]
[Round "6"]
[White "Raeva, Elitsa"]
[Black "Kazimova, Narmin Nizami Qizi"]
[Result "1/2-1/2"]
[WhiteElo "2254"]
[BlackElo "2364"]
[PlyCount "65"]
[EventDate "2016.05.27"]
[EventType "swiss"]
[EventRounds "11"]
[EventCountry "ROU"]
[SourceTitle "CBM 172 Extra"]
[Source "ChessBase"]
[SourceDate "2016.06.21"]
[SourceVersion "1"]
[SourceVersionDate "2016.06.21"]
[SourceQuality "1"]

1. d4 Nf6 2. c4 e6 3. Nf3 b6 4. g3 Ba6 5. Qc2 c5 6. d5 exd5 7. cxd5 Bb7 8. Bg2 Nxd5 9. 0-0 Be7 10. Rd1 Nc6 11. Qa4 Nf6 12. Nh4 0-0 13. Nf5 d5 14. Nc3 Nb4 15. a3 a5 16. Bg5 Bc6 17. Nxd5 Nfxd5 18. Nxe7+ Qxe7 19. Bxe7 Bxa4 20. axb4 Bxd1 21. Bxd5 Bxe2 22. bxc5 bxc5 23. Bxf8 Rxf8 24. Rxa5 Rc8 25. f3 Bd3 26. Kf2 Re8 27. Ra8 Kf8 28. Rxe8+ Kxe8 29. Ke3 Bb5 30. h4 Ke7 31. g4 f6 32. f4 Kd6 33. Bg8 1/2-1/2

[Event "BUL-ch (Women) 65th"]
[Site "Pleven"]
[Date "2016.04.25"]
[Round "8"]
[White "Raeva, Elitsa"]
[Black "Nikolova, Adriana"]
[Result "1/2-1/2"]
[WhiteElo "2240"]
[BlackElo "2354"]
[PlyCount "65"]
[EventDate "2016.04.18"]
[EventType "tourn"]
[EventRounds "9"]
[EventCountry "BUL"]
[SourceTitle "CBM 172 Extra"]
[Source "ChessBase"]
[SourceDate "2016.06.21"]
[SourceVersion "1"]
[SourceVersionDate "2016.06.21"]
[SourceQuality "1"]

1. Nf3 d5 2. c4 d4 3. g3 c5 4. Bg2 Nc6 5. 0-0 Nf6 6. a3 e5 7. d3 Bd6 8. b4 cxb4 9. axb4 Nxb4 10. Ba3 Nc6 11. c5 Bc7 12. Nbd2 Be6 13. Qc2 h6 14. Rfb1 Rb8 15. Rb2 0-0 16. Rab1 Qc8 17. Nc4 Bd5 18. Nfd2 Bxg2 19. Kxg2 Rd8 20. Ne4 Nxe4 21. dxe4 h5 22. Qd3 h4 23. gxh4 b6 24. cxb6 axb6 25. h3 Qe6 26. Nxb6 Bxb6 27. Rxb6 Rxb6 28. Rxb6 Qg6+ 29. Kh2 Qf6 30. Kg2 Qg6+ 31. Kh2 Qf6 32. Kg2 Qg6+ 33. Kh2 1/2-1/2

[Event "BUL-ch (Women) 65th"]
[Site "Pleven"]
[Date "2016.04.21"]
[Round "4"]
[White "Raeva, Elitsa"]
[Black "Antova, Gabriela"]
[Result "1/2-1/2"]
[WhiteElo "2240"]
[BlackElo "2275"]
[PlyCount "116"]
[EventDate "2016.04.18"]
[EventType "tourn"]
[EventRounds "9"]
[EventCountry "BUL"]
[SourceTitle "CBM 172 Extra"]
[Source "ChessBase"]
[SourceDate "2016.06.21"]
[SourceVersion "1"]
[SourceVersionDate "2016.06.21"]
[SourceQuality "1"]

1. Nf3 d5 2. g3 Nf6 3. Bg2 e6 4. 0-0 Be7 5. d3 0-0 6. Nbd2 c5 7. c3 Nc6 8. a3 e5 9. Qc2 a5 10. a4 h6 11. Rd1 Be6 12. e4 d4 13. Nc4 Bxc4 14. dxc4 Ne8 15. Ne1 Nd6 16. Qe2 Qb6 17. Bf1 Rae8 18. Qg4 Kh8 19. Bd3 Bf6 20. Qh5 Qd8 21. Nf3 Kg8 22. cxd4 cxd4 23. c5 Nc8 24. Bd2 b6 25. Rac1 Re6 26. Bc4 Re7 27. g4 bxc5 28. g5 hxg5 29. Nxg5 Bxg5 30. Bxg5 Qd6 31. Rd3 Re6 32. Rh3 Rh6 33. Bxh6 Qxh6 34. Qxh6 gxh6 35. Rxh6 Nb4 36. Be2 Kg7 37. Rh5 Nb6 38. Rxc5 Nxa4 39. Rcxe5 d3 40. Reg5+ Kf6 41. Bxd3 Nxd3 42. Rxa5 Naxb2 43. Ra6+ Kg7 44. Rg5+ Kh7 45. Rf6 Nd1 46. f3 Ne3 47. Rd6 Nf4 48. h4 Nh3+ 49. Kh2 Nxg5 50. hxg5 Nc4 51. Rf6 Kg7 52. Kg3 Ra8 53. Kf4 Ra3 54. e5 Nd2 55. e6 fxe6 56. Rxe6 Rxf3+ 57. Kg4 Rf7 58. Kh5 Rd7 1/2-1/2

[Event "GRE-chT 43rd"]
[Site "Porto Rio"]
[Date "2015.10.10"]
[Round "4.2"]
[White "Raeva, Elitsa"]
[Black "Botsari, Anna Maria"]
[Result "0-1"]
[WhiteElo "2261"]
[BlackElo "2313"]
[PlyCount "68"]
[EventDate "2015.10.08"]
[EventType "team-swiss"]
[EventRounds "7"]
[EventCountry "GRE"]
[SourceTitle "CBM 168 Extra"]
[Source "ChessBase"]
[SourceDate "2015.10.29"]
[SourceVersion "1"]
[SourceVersionDate "2015.10.29"]
[SourceQuality "1"]
[WhiteTeam "Orekastro Marion"]
[BlackTeam "Kavalas"]
[WhiteTeamCountry "GRE"]
[BlackTeamCountry "GRE"]

1. e4 c5 2. Nf3 e6 3. b3 a6 4. Bb2 Nc6 5. g3 d5 6. e5 g5 7. Bg2 Bg7 8. 0-0 g4 9. Nh4 Nxe5 10. d4 cxd4 11. Bxd4 Ne7 12. Kh1 N7c6 13. f4 gxf3 14. Nxf3 0-0 15. Nxe5 Nxe5 16. Qh5 f5 17. Nd2 Qc7 18. c4 dxc4 19. Rac1 Qd6 20. Bxe5 Qxe5 21. Nxc4 Qc7 22. g4 Bd7 23. gxf5 Rxf5 24. Rxf5 exf5 25. Bd5+ Kh8 26. Rg1 Rf8 27. Ne3 Bc6 28. Qf3 f4 29. Nc4 Bxd5 30. Qxd5 f3 31. Rf1 Qf4 32. Qxb7 Bd4 33. Qd7 f2 34. Qh3 Rg8 0-1

[Event "GRE-chT 43rd"]
[Site "Porto Rio"]
[Date "2015.10.08"]
[Round "1.7"]
[White "Barbageorgopoulou, Fani"]
[Black "Raeva, Elitsa"]
[Result "0-1"]
[WhiteElo "1815"]
[BlackElo "2261"]
[PlyCount "52"]
[EventDate "2015.10.08"]
[EventType "team-swiss"]
[EventRounds "7"]
[EventCountry "GRE"]
[SourceTitle "CBM 168 Extra"]
[Source "ChessBase"]
[SourceDate "2015.10.29"]
[SourceVersion "1"]
[SourceVersionDate "2015.10.29"]
[SourceQuality "1"]
[WhiteTeam "Polichnis"]
[BlackTeam "Orekastro Marion"]
[WhiteTeamCountry "GRE"]
[BlackTeamCountry "GRE"]

1. d4 Nf6 2. c4 c5 3. d5 g6 4. Nc3 Bg7 5. e4 d6 6. h3 0-0 7. Nf3 a6 8. Bd3 Bd7 9. 0-0 b5 10. Qe2 b4 11. Nb1 e5 12. a3 a5 13. a4 Nh5 14. Bg5 Qe8 15. Qc2 h6 16. Bc1 Na6 17. b3 Nc7 18. Ra2 Qc8 19. Be3 Ne8 20. Nh4 Qd8 21. Nf3 f5 22. Re1 Nef6 23. Bc1 fxe4 24. Bxe4 Nxe4 25. Qxe4 Bf5 26. Qe2 Bxb1 0-1

[Event "Vratsa op (Women)"]
[Site "Vratsa"]
[Date "2015.07.24"]
[Round "7"]
[White "Maksimovic, Suzana"]
[Black "Raeva, Elitsa"]
[Result "0-1"]
[WhiteElo "2238"]
[BlackElo "2278"]
[PlyCount "88"]
[EventDate "2015.07.20"]
[EventType "swiss"]
[EventRounds "9"]
[EventCountry "BUL"]
[SourceTitle "CBM 167 Extra"]
[Source "ChessBase"]
[SourceDate "2015.09.14"]
[SourceVersion "1"]
[SourceVersionDate "2015.09.14"]
[SourceQuality "1"]

1. d4 Nf6 2. c4 c5 3. e3 g6 4. Nf3 Bg7 5. Be2 0-0 6. 0-0 Na6 7. Nc3 cxd4 8. exd4 d5 9. h3 Nc7 10. Bf4 b6 11. Qb3 dxc4 12. Bxc4 Bb7 13. Ne5 e6 14. Rad1 Nfd5 15. Bc1 Nxc3 16. bxc3 Nd5 17. Bd3 Rc8 18. c4 Nf6 19. Rfe1 Qc7 20. Bf4 Nh5 21. Bh2 Qe7 22. Be4 Rfd8 23. d5 Bxe5 24. Bxe5 Ba6 25. dxe6 Rxd1 26. exf7+ Qxf7 27. Rxd1 Bxc4 28. Qe3 Bxa2 29. Qg5 Rf8 30. Rd2 Be6 31. Qh6 a5 32. g4 Nf6 33. Bg2 a4 34. Rc2 a3 35. Rc7 Nd7 36. Bd4 a2 37. Qe3 Re8 38. Bc6 Bxg4 39. Qh6 Bf5 40. Bd5 Be6 41. Bxe6 Rxe6 42. Rc8+ Nf8 43. Ra8 Re1+ 44. Kh2 a1Q 0-1